Ciudades, provincias, estados : orígenes de la nación argentina (1800-1846) /

Guardado en:
Autor Principal: Chiaramonte, José Carlos
Formato: Libro
Publicado: Buenos Aires : Emecé, 2007.
Series:Biblioteca del pensamiento argentino; No. 1
Materias:
Etiquetas: Agregar Etiqueta
Sin Etiquetas, Sea el primero en etiquetar este registro!
LEADER 01589nam a22002415a 4500
001 CEM.cems012845
005 20080423091330.0
008 130507s2007##################000#0#####d
003 CEMS
020 |a 9789500428613 
082 0 4 |a 982.03 
100 1 |a Chiaramonte, José Carlos 
245 1 0 |a Ciudades, provincias, estados :  |b orígenes de la nación argentina (1800-1846) /  |c José Carlos Chiaramonte 
260 |a Buenos Aires :  |b Emecé,  |c 2007. 
300 |a 261 p. + 1 CD-ROM 
490 0 |a Biblioteca del pensamiento argentino; No. 1 
500 |a Incluye apéndice documental en Cd 
505 0 |a Estudio preliminar -- La cultura política a fines del período colonial : reformismo e ilustración. La última década del Virreinato. Las formas de identidad política a fines del Virreinato. Reformismo borbónico y antecedentes de los nuevos Estados -- Las primeras soberanías: acerca del vocabulario político de la Independencia. Continuidad y transformación en la cultura política. La emergencia de las primeras "soberanías" -- Hacia los Estados argentinos confederados: el reformismo liberal luego de 1820. Otras cuestiones conflictivas de la cultura política del período. El programa correntino de organización nacional. La recepción del romanticismo. Identidad hispanoamericana y demanda de una nacionalidad argentina en la generación de 1837 -- Consideraciones finales -- Indice de documentos en CD-ROM. 
653 |a Argentina 
653 |a Historia 
653 |a Historia argentina 
653 |a Nación 
859 |a CEMS  |b BIB. CEMS - 11 de abril  |h 982.03  |i Ch43  |p 25105.08  |t Ej.1